header

Digging Up Dinosaurs (Record no. 260952)

MARC details
000 -LEADER
fixed length control field 00246nam a22001097a 4500
020 ## - INTERNATIONAL STANDARD BOOK NUMBER
ISBN 9780064450782
100 ## - MAIN ENTRY--AUTHOR NAME
Personal name Aliki Brandenberg
245 ## - TITLE STATEMENT
Title Digging Up Dinosaurs
260 ## - PUBLICATION, DISTRIBUTION, ETC. (IMPRINT)
Place of publication New York
Name of publisher HarperCollins
Year of publication 1988
300 ## - PHYSICAL DESCRIPTION
Number of Pages 32 pgs
942 ## - ADDED ENTRY ELEMENTS (KOHA)
Koha item type Long Loan Books
Holdings
Withdrawn status Lost status Collection code Home library Current library Shelving location Date acquired Accession Number Koha item type
    Fiction Rongo University Library Rongo University Library Children's Area 25/10/2023 CL20222343 Long Loan Books

© 2026 Rongo University
Contact us: librarian | system librarian | Rongo university